000 00999cam a22001934a 4500
005 20250605164359.0
008 250528s ||||||||||||||||||||||||d
035 _a24473
040 _aGR-AtMCL
_bgre
_dGR-AtMCL
_eAACR2
245 1 _aΚατά του Ρατσισμού / Actionaid και McCann
260 _c2015
300 _a50
520 _aReprise Media: 'Αποτελεσματικότητα και σε Business και σε Media Metrics', Η Παραγωγή Διαφήμισης είναι Εργασία Εντάσεως Ταλέντου, Μείωση Λειτουργικών Εξόδων και Βελτίωση Καθαρών Αποτελεσμάτων, Το Περιεχόμενο είναι Βασιλιάς, Πότε το Κράτος θα Πάψει να Παριστάνει τον Άρχοντα των Καναλιών.
700 1 _aΚορδελάς Δημήτρης
_99464
942 _cCR
710 2 _aThe Marketing Week
_99825
999 _c9352
_d9352